Normale Ansicht MARC-Ansicht ISBD

Archivalische Zeitschrift. (Titelsatznr. 372279)

[ MARC ]
MARC-Details
000 -Satzkennung
Kontrollfeld mit fester Länge 00506nam a22001697a 4500
003 - Kontrollnummer Identifier
Kontrollfeld OSt
005 - Datum und Zeit der letzten Transaktion
Kontrollfeld 20230307160808.0
008 - Feld mit fester Länge zur physischen Beschreibung - Allgemeine Angaben
Kontrollfeld mit fester Länge 230307b ||||| |||| 00| 0 eng d
040 ## - Katalogisierungsquelle
Original-Katalogisierungsstelle DE-2950
Übertragungsstelle DE-2950
041 ## - Sprachcode
Sprachcode des Textes/der Tonspur oder des separaten Titels ger
245 ## - Titel
Titel Archivalische Zeitschrift.
Zusatz zum Titel 98. Band
260 ## - Publikation, Vertrieb usw.
Erscheinungsort, Vertriebsort etc. Wien ; Köln:
Name des Verlags, des Vertriebs etc. Böhlau Verlag,
Erscheinungsjahr, Vertriebsjahr etc. 2022
300 ## - Physische Beschreibung
Umfang 608 Seiten.
505 ## - Fußnote zu strukturierten Inhaltsangaben
Fußnote zu strukturierten Inhaltsangaben Darin: Becker, Denny: Die Erfindung der Akte in der ostpreußischen Landesverwaltung, S. 289 - 316
653 ## - Indexierungsterm - Nicht normiert
Nicht-normierter Term Zeitschrift
942 ## - Zusätzliche Felder (Koha)
Klassifikation oder Aufstellungssystematik Andere/Generische Klassifikation
Koha-Medientyp Bücher
Exemplare
Ausgeschieden Verloren Klassifikation oder Aufstellungssystematik Beschädigt Nicht entleihbar Heimatbibliothek Aufenthaltsbibliothek Aufstellungsort Erwerbungsdatum Lieferant Kodierter Standort-Qualifier Anzahl Ausleihen Signatur Letzte Aktivität Exemplarnummer Preis gültig von Koha-Medientyp
    Andere/Generische Klassifikation     Stadtarchiv Frankfurt (Oder) | Archivbibliothek Stadtarchiv Frankfurt (Oder) | Archivbibliothek Magazin 07/03/2023 Belegexemplar M   III: 1931 07/03/2023 56/2023 07/03/2023 Bücher